000 00756nam a2200241 i 4500
003 DO-SdBNP
005 20240313125856.0
007 ta
008 230518b1997 dr ||||| |||| 00| 0 spa d
040 _aDO-SdBNP
_bspa
_cBNPHU
_erda
082 4 _222
245 1 0 _aJuan Pablo Duarte a través de nueve autores contemporáneos /
_ccompilador y prólogo Mateo Morrison
264 _aSanto Domingo :
_bGente,
_c1997.
300 _a35 páginas ;
_c21 cm.
336 _2rdacontent
_atexto
_btxt
337 _2rdamedia
_asin mediación
_bn
338 _2rdacarrier
_avolumen
_bnc
490 _aEspacios culturales
_v2
590 _aInventariado, 2023/BT
700 1 _aMorrison, Mateo,
_d1947-
_ecompilador y prólogo
_91469
910 _aBtavárez
942 _2ddc
_cLF2
999 _c53562
_d53562